000 00704nam a2200229 i 4500
001 14496
003 ES-MaACL
005 20230906150827.0
007 t|
008 970925s1997 sp ||||0| spa j
020 _a84-7130-882-7
040 _aM-BN
_bspa
_cM-BN
080 _a347.9(460)(075.8)
100 1 _aAragoneses Alonso, Pedro.
_922207
245 1 0 _aProceso y Derecho procesal
_b: (introducción) /
_cPedro Aragoneses Alonso ; prólogo de Werner Goldschmidt.
250 _a2ª ed.
260 _aMadrid :
_bEDERSA,
_c1997.
300 _a583 p. ;
_c25 cm.
650 0 4 _aDerecho procesal-
_zEspaña.
_911762
700 1 _aGoldschmidt, Werner.
_957681
852 _aES-MaACL
_jL-21801
_bR.127165
999 _c14496
_d14496